Trigger Warning (Record no. 20886)

000 -LEADER
fixed length control field 01167nam a22001937a 4500
008 - FIXED-LENGTH DATA ELEMENTS--GENERAL INFORMATION
fixed length control field 250528b xxu||||| |||| 00| 0 eng d
040 ## - CATALOGING SOURCE
Original cataloging agency Cagayan State University
Description conventions RDA
082 ## - DEWEY DECIMAL CLASSIFICATION NUMBER
Classification number 791.4372
Item number T828
245 ## - TITLE STATEMENT
Title Trigger Warning
Statement of responsibility, etc Director / Mouly Surya. Writer / John BrancatoJosh, OlsonHalley, Wegryn Gross. Stars / Jessica AlbaMark, WebberAnthony, Michael Hall.
260 ## - PUBLICATION, DISTRIBUTION, ETC. (IMPRINT)
Place of publication, distribution, etc United States
Name of publisher, distributor, etc Lady Spitfire
-- Thunder Road Pictures
Date of publication, distribution, etc ©2024
300 ## - PHYSICAL DESCRIPTION
Extent 1 videofile, ca 106 minutes.
Other physical details Sound and Color.
520 ## - SUMMARY, ETC.
Summary, etc A special forces commando returns to her hometown after her father's sudden death, only to run afoul of a violent gang when she starts asking questions.
A soldier on active service learns that her father has expired in a mining accident. She comes back home to investigate because she is feels that it was not an accident and that her father was killed. She faces much opposition while asking questions,
700 ## - ADDED ENTRY--PERSONAL NAME
Personal name Jessica Alba, stars.
700 ## - ADDED ENTRY--PERSONAL NAME
Personal name Mark Webber, stars.
700 ## - ADDED ENTRY--PERSONAL NAME
Personal name Anthony Michael Hall, stars.
710 ## - ADDED ENTRY--CORPORATE NAME
Corporate name or jurisdiction name as entry element Chris Tonick, Robert Grigsby Wilson, editors.
710 ## - ADDED ENTRY--CORPORATE NAME
Corporate name or jurisdiction name as entry element Zoë White, cinematographer.
942 ## - ADDED ENTRY ELEMENTS (KOHA)
Source of classification or shelving scheme
Item type Audio-Visual Materials
Holdings
Source of acquisition Price effective from Permanent location Date last seen Not for loan Date acquired Source of classification or shelving scheme Koha item type Collection code Shelving location Damaged status Lost status Withdrawn status Current location Full call number
Donation2025-05-28Cagayan State University - Carig Library2025-05-28 2025-05-28 Audio-Visual MaterialsElectronic Media CenterElectronic Media Center   Cagayan State University - Carig Library791.4372 T828

Cagayan State University University Library, Carig Campus
Tuguegarao City, Cagayan 3500 | www.csucarig.edu.ph

Powered by Koha